000 00427nam a2200181Ia 4500
001 22478
005 20260414150834.0
008 260414t2002||||xx |||||||||||||| ||spa||
041 _aESP
082 _a621.3815324
_bH28
100 _aHaykin, Simon
_eAUT
245 0 _aAdaptive filter theory
_b
260 _c2002
300 _axvi, 920 páginas :
_c24 cm.
650 _aTCA
654 _aCET
942 _cLIB
_dJUS
_fJUS
_2ddc
_n
999 _c22478
_d22478